Aux marges de la ville : faubourgs et banlieues en France 1815-1870
Αποθηκεύτηκε σε:
| Κύριος συγγραφέας: | |
|---|---|
| Άλλοι συγγραφείς: | |
| Μορφή: | Βιβλίο |
| Γλώσσα: | French English |
| Δημοσίευση: |
Paris :
Seuil,
1994.
|
| Σειρά: | Univers historique
|
| Θέματα: | |
| Ετικέτες: |
Προσθήκη ετικέτας
Δεν υπάρχουν, Καταχωρήστε ετικέτα πρώτοι!
|
MARC
| LEADER | 00000cam a2200000 i 4500 | ||
|---|---|---|---|
| 001 | 1/95621 | ||
| 008 | 961119s1994 fr | ||| |||| ||fre|| | ||
| 020 | |a 2020177773 | ||
| 035 | |l 10009812 | ||
| 040 | |a GR-MyUa |b gre |e AACR2 | ||
| 041 | 1 | |a fre |h eng | |
| 082 | 7 | |a 307.760944 |2 (22) | |
| 100 | 1 | |a Merriman, John M. | |
| 245 | 1 | 0 | |a Aux marges de la ville : |b faubourgs et banlieues en France 1815-1870 / |c John M. Merriman ; traduit de l'anglais par Jean-Pierre Bardos. |
| 260 | |a Paris : |b Seuil, |c 1994. | ||
| 300 | |a 399 σ. ; |c 25 εκ. | ||
| 490 | 1 | |a (Univers historique) | |
| 500 | |a Τίτλος πρωτοτύπου: The margins of city life : explorations on the French urban frontier. | ||
| 504 | |a Περιλαμβάνει βιβλιογραφικές παραπομπές και ευρετήριο. | ||
| 650 | 0 | |a Suburbs |z France |x History |y 19th century. | |
| 650 | 0 | |a Marginality, Social |z France |x History |y 19th century. | |
| 650 | 0 | |a Neighborhood |z France |x History |y 19th century. | |
| 650 | 0 | |a Suburban life |z France |x History |y 19th century. | |
| 700 | 1 | |a Bardos, Jean-Pierre, |e trl | |
| 830 | 0 | |a Univers historique | |
| 852 | |a INST |b LESVOS |e 19961119 |h 307.760944 MER |p 005100012535 |q 005100012535 |t BK |y 0 | ||
| 922 | |a 1ΕΛΗ |b 199411 |c ΚΑΡΑΒΑΣ | ||
| 950 | |a 128-1994-09-01 | ||